000 00435nam a22001697a 4500
003 NUST - PNEC
005 20170116181146.0
008 151012b xxu||||| |||| 00| 0 eng d
020 _a8176841846
040 _cLIBRRAY
082 _a658.5 CHI
100 _914983
_aChintakindi, S. R
245 _aIndustrial engineering & management
_cS. R Chintakindi
260 _cc2003.
650 _914985
_aManagement
_xMIS
942 _2ddc
_cBK
999 _c70695
_d70695